Statistiques concernant Peppa 3

Cliquez ici pour prendre le quiz!

Statistiques générales

  • Ce quiz a été pris 6 fois
  • Le résultat moyen est 17 sur 21

Statistiques - réponses

HintRéponse% Correct
Combien de membre n'ont pas de prépuce ?3 (et oui c'est plus que ce qu'on ne croit)
100%
Combien de membres se sont déjà pissé dessus après une cuite ?4
100%
Quel membre n'a quasiment jamais travailler plus d'un mois ? (ils sont deux enft ces branleurs)Bougeant
100%
Meuf originaire de Brest qui tiraille l'opinion et le système de notation des femmes de la Peppa (Prénom Nom)Camille Plantec
100%
Quel membre a tendance à se mettre à poil très vite en soiréeClem
100%
Quel femme s'est faite prendre le cul par deux membres ?Julie
100%
Qu'à fait Thibaut lors de la construction du fameux terrain de pétanque de Pol et JYMalaise
100%
Quel membre est obligé d'avoir un acolyte avec lui pour faire des bêtises ?Pol
100%
Quel membre n'a quasiment jamais travailler plus d'un mois ?Thib
100%
Nouveau membre de la team fidèle (Màj)Toto
100%
Quel femme à réussi l'exploit de se faire tripoter par 3 membres de la peppa ?Alix
83%
Quel membre arrête de faire des phrases quand il est cuit (marche avec tous les membres passé un certain stade d'alcool)Bougeant
83%
Quel membre a faillit passer mage noir du sexe ?Evan
83%
Comment se nomme la future multinationale créée par 2 bretons ?La Pepawwwwwwwwww
83%
Snake de la team fidèle (Màj)Pol (new mister snake)
83%
Qui a déjà pris le cul d'une femme sur un bateau à quai (qui n'était pas le sien)Thib
83%
Comment s'appelle le ptn d'australien craked de buda ?Jack White (insta : sensitive_barramundi)
67%
Qui est le snake originel ?Coat
50%
Personnalité adoré de la peppa pour son franc parler et ses répliques à succès (chauve à ray-ban)Eddy le quartier
33%
Sur quoi Clem à t'il pris le cul d'une femme (indice -> Yeu)Un phare
33%
Quel personnalité connu de la peppa à le meilleur métier du monde ? (passé à la télé)AD (pupuce)
17%

Distribution des résultats

Percentile par nombre de réponses

% des personnes avec chaque résultat

Votre développement - résultats

Vous n’avez pas pris ce quiz